Song To Sample - Ye (fka Kanye West) Version - Statistics

General Stats
  • This quiz has been taken 34 times
    22 since last reset
  • The average score is 13 of 20
Answer Stats
Hint Answer % Correct
Father Stretch My Hands Pt 1 Father I Stretch My Hands
95%
Bound 2 Bound
89%
Stronger Harder, Better, Faster, Stronger
89%
Through The Wire Through The Fire
89%
POWER 21st Century Schizoid Man
79%
Famous Bam Bam
74%
I Wonder My Song
74%
Good Life PYT
74%
Ghost Town Someday
74%
Hell Of A Life Iron Man
68%
Otis Try A Little Tenderness
63%
Champion Kid Charlemagne
58%
On Sight Sermon (He'll Give Us What We Really Need)
58%
4th Dimension What Will Santa Claus Say
58%
Devil In A New Dress Will You Love Me Tomorrow?
58%
Lost In The World Woods
58%
Believe What I Say Doo Wop (That Thing)
47%
Good Morning Someone Saved My Life Tonight
47%
Blame Game Avril 14th
42%
Lift Yourself Liberty
37%
No matching quizzes found
Score Distribution
Percent of People with Each Score
Percentile by Number Answered
Your Score History
You have not taken this quiz since the last reset